000 01110nam a22002537a 4500
005 20250421150035.0
008 090613t xxu||||| |||| 00| j hin d
010 _aHIN-86923
020 _a9788190483216
_c200.00
020 _c395.00
035 _aHN-59269 HN-129690
037 _bDBAD / PUB
040 _adpl
_bhn
082 _a
100 _aशर्मा, पवित्र कुमार
_980731
245 _aनैतिक मूल्यों की कहानियाँ /
_cपवित्र कुमार शर्मा
246 _aNaitika mulyon kii kahaaniyaan
_bby Pavitra Kumar Sharma
260 _aदिल्ली
_bन्यू कॉन्स्पैट्स पब्लिशर्स
_c2021
270 _a1362, अपर मैज़जनाइन फ्लोर, कश्मीरी गेट,
_bदिल्ली
_e110006
300 _a144प.
_c22सेमी (सजिल्द)
650 _aलघु कथाएँ, हिन्दी
_980732
650 _aShort stories, Hindi
_980733
942 _2ddc
_cHN
_mशर्माप
_h
999 _c27420
_d27420